00535nam a2200181 i 4500001000300000100002300003245006000026250001200086260001900098040000800117041000800125080001200133942000700145008004100152999001500193856009700208952004800305bg1 aDRACHSEL, Reinhold 0aGrundlagen der elektrischen Meßtechnik /cR. Drachsel. a2 Aufl. aBerlin,c1968. cBPK apol a621.317 cKS s pl f |000 0 pol  c8568d8568 uhttp://koha.tu.koszalin.pl/cgi-bin/koha/opac-detail.pl?biblionumber=8568yKatalog online BPK 00104070aBPKbBPKcwo5304p02191850yKS